1660-1910. (Record no. 19121)
[ view plain ]
| 000 -LEADER | |
|---|---|
| fixed length control field | 00714cam a22002051 4500 |
| 001 - CONTROL NUMBER | |
| control field | e 11000042 |
| 003 - CONTROL NUMBER IDENTIFIER | |
| control field | DLC |
| 005 - DATE AND TIME OF LATEST TRANSACTION | |
| control field | 20260227111155.0 |
| 008 - FIXED-LENGTH DATA ELEMENTS--GENERAL INFORMATION | |
| fixed length control field | 860129s1910 ctuc b 000 0 eng c |
| 010 ## - LIBRARY OF CONGRESS CONTROL NUMBER | |
| LC control number | e 11000042 |
| 035 ## - SYSTEM CONTROL NUMBER | |
| System control number | (OCoLC)13078691 |
| 040 ## - CATALOGING SOURCE | |
| Original cataloging agency | U.S. Office of Education. Library |
| Transcribing agency | CtNbC |
| Modifying agency | DLC |
| 042 ## - AUTHENTICATION CODE | |
| Authentication code | premarc |
| 050 00 - LIBRARY OF CONGRESS CALL NUMBER | |
| Classification number | LD7501.N382 |
| Item number | A55 |
| 110 2# - MAIN ENTRY--CORPORATE NAME | |
| Corporate name or jurisdiction name as entry element | Hopkins Grammar School. |
| 245 10 - TITLE STATEMENT | |
| Title | 1660-1910. |
| Remainder of title | Commemorative exercises upon the two hundred and fiftieth anniversary of the Hopkins Grammar School of New Haven. |
| 260 ## - PUBLICATION, DISTRIBUTION, ETC. | |
| Place of publication, distribution, etc. | New Haven, |
| Name of publisher, distributor, etc. | The Tuttle, Morehouse & Taylor Company, |
| Date of publication, distribution, etc. | 1910. |
| 300 ## - PHYSICAL DESCRIPTION | |
| Extent | 1 p. l., 66 p. |
| Other physical details | front., plates. |
| Dimensions | 24 cm. |
| 504 ## - BIBLIOGRAPHY, ETC. NOTE | |
| Bibliography, etc. note | Bibliographical footnotes. |
No items available.